000 00515nam a22001937a 4500
001 BD-DhSAU
003 BD-DhSAU
005 20150610162053.0
008 150610b1978 nyu||||| |||| 00| 0 eng d
040 _aBD-DhSAU
082 _222
_a...
_bWOR
245 _aThe world almanac & book of facts 1979 /
260 _aNew York :
_bNewspaper Enterprise Association ,
_cc1978.
300 _a976 p. :
_c21 cm.
440 _aThe Authority Science 1868.
590 _aJerin
650 _aworld almanac
942 _2ddc
_cBOOK
999 _c8199
_d8199